000 00567nam a2200205Ia 4500
005 20221126123520.0
008 131103s9999 xx 000 0 und d
020 _cRs.12
040 _aLoreto College
041 _aEnglish
082 _a954.14
_bSAR
100 _aSarkar,Jagadish Narayan
245 _aIslam in Bengal ( thirteenth to nineteenth century)
_cJagadish Narayan Sarkar
260 _aCalcutta
_bRatna Prakashan
_c1972
300 _a92 p.
504 _aIncludes index and bibliography
650 _aIslam In Bengal
850 _aLCLIN
942 _cBK
999 _c10189
_d60668